000 00450nam a2200205Ia 4500
999 _c9759
_d9759
003 0100
005 20180205083312.0
008 130303s9999 xx 000 0 und d
020 _a829408649
040 _cARRUPELIB
050 _aBX3706.2.C66 1997
100 _aConwell, Joseph F
_921176
245 _aImpelling Spirit
260 _aChicago
260 _bLoyola press
300 _a582p.
300 _b23cm
700 _aby Joseph F. Conwell
_939117
942 0 0 _01
_2lcc
_cMONOGRAPH